[Event "J K Gill Northgate Open"]
[Site "?"]
[Date "1973.06.03"]
[Round "4"]
[White "Hessen, P."]
[Black "Bailey, B."]
[Result "1/2-1/2"]
[WhiteElo "1925"]
[BlackElo "2058"]
[Annotator "Stockfish 14 (15s)"]
[PlyCount "53"]
[EventDate "1973.??.??"]

{A00: Irregular Openings} 1. g3 d5 2. Bg2 Bf5 3. d3 Nf6 4. Bg5 (4. f4 e6 5. Nf3
Bc5 6. e3 Nbd7 7. O-O h5 8. Qe2 c6 9. h3 Qc7 10. a3 a5 11. Nc3 Nf8 12. Kh1 h4
13. Nxh4 Bxh3 14. Bxh3 g5 15. Bd2 gxh4 16. g4 Rg8 17. g5 N6d7 18. Qf2 Nb6 {
Mozes,E (2320)-Eiber,M (2265) Bechhofen 1998 0-1 (42)}) (4. c3 e6 5. b4 Be7 6.
Nd2 O-O 7. a3 h6 8. Bb2 a5 9. bxa5 Nc6 10. Ngf3 Nxa5 11. Ne5 Nd7 12. Nxd7 Qxd7
13. c4 dxc4 14. Nxc4 Nxc4 15. dxc4 Qxd1+ 16. Rxd1 Bxa3 17. Bxa3 Rxa3 18. Bxb7
Rb8 {Mielke,N-Kiese,M (2188) Germany 2001 0-1 (55)}) 4... e6 $146 (4... Nbd7 5.
Nd2 h6 6. Bxf6 Nxf6 7. e4 dxe4 8. Nxe4 Nxe4 9. dxe4 Bg6 10. Ne2 e6 11. Nf4 c6
12. Nxg6 Qxd1+ 13. Rxd1 fxg6 14. Ke2 Bc5 15. Bh3 Ke7 16. Rd2 Rhf8 17. f3 Rad8
18. f4 {1/2-1/2 (18) Huenemeyer,D (1740)-Haar,W (1730) Biel 1993}) 5. Nf3 h6 6.
Bxf6 Qxf6 7. c3 c6 8. Nbd2 Nd7 9. O-O Bd6 10. Re1 O-O 11. e4 Bh7 12. Qc2 (12.
d4 Bc7 $11) 12... Rfe8 13. Nh4 (13. a4 $5 $15) 13... g5 $17 14. Nhf3 dxe4 $4 (
14... g4 $142 15. Nh4 Qg7 $17) 15. Nxe4 $14 Bxe4 16. dxe4 (16. Rxe4 $5 Qg6 17.
Re3 $14) 16... Ne5 (16... g4 17. e5 Bxe5 18. Nxe5 Nxe5 19. Qe4 Nf3+ 20. Bxf3
Qxf3 21. Qxf3 gxf3 22. Re3 $11) 17. Nxe5 Bxe5 18. Qe2 b5 19. Qg4 (19. Rf1 Kh8
$11) 19... Kh7 20. Rf1 Rg8 21. Rad1 Rad8 22. Rxd8 Qxd8 23. Qf3 Qf6 24. Qxf6
Bxf6 25. Rd1 Rd8 26. Rxd8 Bxd8 27. Kf1 1/2-1/2

[Event "J K Gill Northgate Open"]
[Site "?"]
[Date "1973.06.03"]
[Round "5"]
[White "Bailey, B."]
[Black "Dean, R."]
[Result "1/2-1/2"]
[WhiteElo "2058"]
[BlackElo "2137"]
[Annotator "Stockfish 14 (15s)"]
[PlyCount "42"]
[EventDate "1973.??.??"]

{B98: Sicilian Najdorf: 6 Bg5 e6 7 f4 Be7, sidelines} 1. e4 c5 2. Nf3 d6 3. d4
cxd4 4. Nxd4 Nf6 5. Nc3 a6 6. Bg5 e6 7. f4 Be7 8. Qf3 h6 9. Bh4 Qc7 10. O-O-O
Nbd7 11. Qg3 Rg8 12. Bxf6 (12. Be2 g5 13. fxg5 Ne5 14. Rhf1 hxg5 15. Bxg5 Nh7
16. h4 Nxg5 17. hxg5 Bd7 18. Nf3 Nxf3 19. Rxf3 Qc5 20. Kb1 Qxg5 21. Qf2 Rg7 22.
Rh1 Bc6 23. Rh8+ Rg8 24. Rxg8+ Qxg8 25. a3 Rc8 26. Rg3 Qf8 {
Pilgaard,K (2400)-Bruzon Bautista,L (2569) Linares 2002 1/2-1/2 (56)}) 12...
Nxf6 (12... Bxf6 13. Be2 Qc5 14. Nb3 Qb4 15. a3 Qb6 16. Rd3 Qc7 17. Rhd1 Be7
18. Bg4 g6 19. Qh3 h5 20. Bf3 Nb6 21. g4 hxg4 22. Qh6 Rf8 23. Bxg4 d5 24. e5
Bd7 25. Ne2 Nc4 26. Nbd4 O-O-O 27. Kb1 {
Orlyanskaya,D (2105)-Gritsayeva,O (2275) Evpatoria 2006 0-1 (45)}) 13. e5 $146
(13. Be2 g5 14. fxg5 Rxg5 15. Qf2 Bd7 16. Rhf1 O-O-O 17. Rd3 Be8 18. Rg3 d5 19.
Rxg5 hxg5 20. exd5 Nxd5 21. Nxd5 Rxd5 22. Nf3 g4 23. Ne1 Bg5+ 24. Kb1 Rd2 25.
h4 gxh3 26. Qf3 Bc6 {0-1 (26) Cuijpers,F-Ceschia,I Venice 1980}) 13... Nh5 14.
Qf3 (14. Qe1 $5 dxe5 15. fxe5 $11) 14... dxe5 $15 15. Qxh5 (15. fxe5 $142 $5
Qxe5 16. g3 $15) 15... exd4 $17 16. Rxd4 Bd7 (16... b5 $142 17. Be2 Bf6 $17)
17. Qe5 $2 (17. Be2 $142 $15) 17... Qxe5 $19 18. fxe5 Bc5 19. Rc4 Be3+ 20. Kb1
Bc6 21. Ne4 Bxe4 1/2-1/2

[Event "Seafair"]
[Site "?"]
[Date "1973.07.29"]
[Round "1"]
[White "Bunge, B."]
[Black "Bailey, B."]
[Result "0-1"]
[WhiteElo "1763"]
[BlackElo "2083"]
[Annotator "Stockfish 14 (15s)"]
[PlyCount "68"]
[EventDate "1973.??.??"]

{D36: Queen's Gambit Declined: Exchange Variation: Main line (5 Bg5 c6 6 Qc2)} 
1. d4 d5 2. c4 e6 3. Nc3 Nf6 4. cxd5 exd5 5. Bg5 Be7 6. Qc2 O-O 7. e3 c6 8. Bd3
h6 9. Bxf6 Bxf6 10. Nge2 Nd7 (10... Re8 11. O-O a5 12. Na4 Nd7 13. a3 Be7 14.
Rfb1 Nf6 15. b4 Bd6 16. h3 Ne4 17. Nc5 Qg5 18. Nxe4 dxe4 19. Bxe4 Bxh3 20. f4
Qe7 21. gxh3 Qxe4 22. Qxe4 Rxe4 23. Kf2 axb4 24. Ng3 Re6 25. axb4 {
Gokhale,C (2360)-Barua,D (2535) Calcutta 1999 0-1 (59)}) (10... Be6 11. Nf4 Nd7
12. O-O-O Rc8 13. Kb1 Nb6 14. Nxe6 fxe6 15. f4 c5 16. g4 c4 17. Bh7+ Kh8 18.
Bg6 Be7 19. Rdg1 a6 20. h4 Qd7 21. g5 Bd6 22. gxh6 gxh6 23. Qe2 Rg8 24. Rg2 Bf8
25. Rhg1 {Ruzicka,V (1650)-Mareska,D Klatovy 2005 1-0 (38)}) 11. O-O Be7 $146 (
11... g6 12. b4 Bg7 13. b5 Nf6 14. bxc6 bxc6 15. Na4 Qd6 16. Rfc1 Ng4 17. Ng3
Bd7 18. Nc5 Rfc8 19. Ba6 Rc7 20. Rab1 h5 21. Nf1 Bf5 22. Bd3 Bxd3 23. Qxd3 Qf6
24. Rb2 Bf8 25. Na6 Rcc8 26. h3 {
Garcia Vasquez,J (2126)-Zapata,K (2023) Peru 2002 1-0 (99)}) 12. Rab1 Nf6 13.
b4 b5 14. a4 a6 15. axb5 axb5 16. e4 dxe4 17. Nxe4 Nxe4 (17... Qb6 18. Rfc1 $11
) 18. Bxe4 $11 Bb7 19. Rfc1 Ra6 20. Qd3 Qa8 21. Qf3 Rd8 22. Qf5 (22. Ng3 $5 $11
) 22... g6 $17 23. Qg4 Bf8 (23... Rd6 $17) 24. Nf4 $2 (24. h4 $142 h5 25. Qg5
$15) 24... Bg7 $4 (24... Bc8 25. Qg3 Qa7 $17 (25... Rxd4 $6 26. Nxg6 fxg6 27.
Qxg6+ Bg7 28. Qe8+ Bf8 29. Rb3 $11 (29. Rxc6 $143 Rxc6 30. Bxc6 Qa2 $17) (29.
Bxc6 $143 Bb7 30. Qe5 Bg7 (30... Bxc6 $6 31. Qxd4 Bf3 32. gxf3 Rg6+ 33. Kf1
Qxf3 34. Qe3 Qg2+ 35. Ke2 Qg4+ 36. Kf1 Qg1+ 37. Ke2 Qg4+ 38. Kf1 Qg2+ 39. Ke1
$11) 31. Qe6+ Kh8 32. Bxb7 Qxb7 (32... Rxe6 $2 33. Bxa8 Rd2 34. f4 $16) 33.
Rc8+ Kh7 34. Qg8+ Kg6 35. Qe8+ Kf6 $15))) 25. Rc5 $4 (25. Nxg6 $142 c5 26. Ne7+
Kf8 27. d5 $18) 25... Rxd4 (25... Bc8 26. Qe2 Ra1 27. Rcc1 Rxb1 28. Bxb1 $19)
26. Nxg6 $2 (26. Bxg6 $142 Rxf4 27. Qxf4 fxg6 28. Rd1 $19) 26... Rxe4 (26...
Ra1 $142 27. Ne7+ Kf8 $19) 27. Qxe4 $16 fxg6 28. Qxg6 Qf8 $4 (28... Ra1 $142
29. Rcc1 Rxb1 30. Rxb1 c5 $16) 29. Qe6+ (29. Re1 $142 Bc8 30. h3 $18) 29... Kh8
(29... Qf7 $142 $5 30. Qe3 Bc8 $17) 30. Rf5 $11 Qxb4 $5 31. Re1 (31. Rxb4 Ra1+
{Mate attack Deflection}) (31. -- $140 Qxb1+ {Mate threat}) 31... c5 32. Qe8+
Kh7 33. Rf7 Be4 34. Qxe4+ $4 (34. Rxe4 Ra1+ {Mate attack Deflection}) (34.
Qxe4+ Qxe4 35. Rxe4 Ra1+ {Mate attack}) (34. -- $140 Qxe1# {Mate threat}) 34...
Qxe4 $19 (34... Qxe4 35. Rd1 b4 $19) 0-1

[Event "Seafair"]
[Site "?"]
[Date "1973.07.29"]
[Round "2"]
[White "Bailey, B."]
[Black "Strohm, R."]
[Result "1/2-1/2"]
[WhiteElo "2083"]
[BlackElo "1727"]
[Annotator "Stockfish 14 (15s)"]
[PlyCount "118"]
[EventDate "1973.??.??"]

{B04: Alekhine's Defence: 4 Nf3} 1. e4 Nf6 2. e5 Nd5 3. d4 d6 4. Nf3 Bf5 5. c4
Nb4 (5... Nb6 6. d5 dxe5 7. Nxe5 N8d7 8. Nxd7 Qxd7 9. Nc3 e5 10. b3 Bc5 11. Be2
O-O-O 12. Bf3 Rhe8 13. Ne4 Bxe4 14. Bxe4 f5 15. Bf3 h6 16. h3 Qd6 17. O-O e4
18. Be2 g5 19. Be3 f4 20. Bg4+ {
Wilhelmsen,F (990)-Aasen,O (994) Moss 2006 1-0 (34)}) 6. Qa4+ $146 (6. Na3 e6
7. exd6 cxd6 8. Be2 Be7 9. O-O O-O 10. Bd2 N8c6 11. Qa4 d5 12. c5 a5 13. Nb5
Bc2 14. b3 Bd3 15. Bxd3 Nxd3 16. Ne1 Ncb4 17. Nxd3 Nxd3 18. Nc3 Qe8 19. Qxe8
Rfxe8 20. a3 Bf6 {Fedorchuk,S (2570)-Brochet,P (2388) Evry 2005 1-0 (68)}) (6.
Na3 e6 7. exd6 Bxd6 $11) 6... N8c6 $15 7. Na3 Qd7 $4 (7... e6 $142 8. d5 exd5
9. cxd5 Nxd5 $15) 8. d5 $18 Nxd5 (8... e6 9. dxc6 Nxc6 10. exd6 Bxd6 11. Nb5
Bb4+ 12. Nc3 $18) 9. cxd5 Nxe5 10. Bb5 (10. Nb5 Nxf3+ 11. gxf3 c6 $18) 10... c6
11. dxc6 Nxc6 12. Nd4 Rc8 13. Nxf5 Qxf5 14. O-O (14. Qxa7 Qxb5 15. Nxb5 Nxa7
16. Nxa7 Rc2 $18) 14... a6 (14... Qd7 15. Bd2 $18) 15. Bxc6+ Rxc6 16. Re1 (16.
Qb3 $5 Qd7 17. Be3 d5 $18) 16... b5 17. Qe4 (17. Qd4 $142 e5 18. Bd2 $18) 17...
Qxe4 18. Rxe4 e6 $2 (18... Kd7 $18) 19. Re2 Be7 20. Be3 d5 21. Rc1 (21. Nc2
$142 $5 e5 22. Rd1 d4 $18) 21... Rxc1+ 22. Bxc1 Bxa3 (22... Kd7 23. Rc2 $18)
23. bxa3 Kd7 24. Rc2 d4 $2 (24... f6 25. f4 e5 $18) 25. Kf1 (25. Bf4 Ke7 $18)
25... Kd6 (25... e5 26. Ke2 $18) 26. Ke2 e5 27. Bd2 g5 (27... Ra8 28. Bb4+ Ke6
29. Rc6+ Kf5 30. Rc7 $18) 28. Bb4+ Kd7 29. Kd3 f5 (29... Ra8 $18) 30. Rc5 Re8
31. Rd5+ Ke6 (31... Kc6 32. Rd6+ Kb7 33. Rf6 $18) 32. Rd6+ Kf7 33. Rxa6 Rd8 34.
f3 g4 35. Rb6 Rd5 (35... e4+ 36. fxe4 fxe4+ 37. Kxe4 Re8+ 38. Kxd4 $18) 36. Rd6
Rxd6 (36... e4+ 37. fxe4 fxe4+ 38. Kxe4 Rh5 $18) 37. Bxd6 Ke6 38. Bb4 Kd5 39.
fxg4 e4+ 40. Ke2 fxg4 (40... f4 41. h4 $18) 41. h3 h5 42. Ba5 Kc4 43. hxg4 hxg4
44. Bb4 Kd5 45. Kd2 Kc4 46. Ba5 Kd5 47. Kc2 Kc4 48. Kd2 Kd5 49. Bd8 Kc4 50. Bg5
Kd5 51. Bh6 Kc4 52. Bf4 Kd5 53. Bg5 Kc4 54. Ke2 Kd5 55. Kf2 Kc4 56. Ke2 Kd5 57.
Bh4 Kc4 58. Be1 Kd5 59. Bd2 (59. Bb4 Kc4 $18) 59... Kc4 1/2-1/2

[Event "Seafair"]
[Site "?"]
[Date "1973.07.28"]
[Round "3"]
[White "Fancett, R."]
[Black "Bailey, B."]
[Result "1-0"]
[WhiteElo "1934"]
[BlackElo "2083"]
[Annotator "Stockfish 14 (15s)"]
[PlyCount "71"]
[EventDate "1973.??.??"]

{D05: Colle System with ...e6} 1. d4 d5 2. Nf3 Nf6 3. e3 e6 4. Bd3 c5 5. c3 b6
6. Nbd2 Bb7 7. Ne5 c4 (7... Bd6 8. f4 O-O 9. Qf3 Bxe5 10. dxe5 Nfd7 11. Qh3 f5
12. Nf3 Qe7 13. Bd2 c4 14. Bc2 Nc5 15. g4 Ne4 16. gxf5 exf5 17. Nd4 Nd7 18.
Bxe4 dxe4 19. Rg1 Nc5 20. Ke2 Rad8 21. Rg3 Bc8 22. Rag1 {
Cifuentes Parada,R (2490)-Hodgson,J (2615) Ubeda 1996 1-0 (51)}) 8. Bc2 Bd6
$146 (8... Nbd7 9. f4 Nxe5 10. fxe5 Nd7 11. Qf3 Rb8 12. O-O f5 13. e4 g6 14.
exf5 Nxe5 15. dxe5 Bc5+ 16. Kh1 d4 17. Be4 Rf8 18. f6 Ba6 19. f7+ Kd7 20. Bc6+
Kc8 21. Ne4 Be7 22. Bh6 {1-0 (22) Niedenthal,R-Ludwig,H Griesheim 2003}) 9. f4
Nbd7 10. O-O b5 11. Qe2 Qc7 (11... O-O $11) 12. Ndf3 (12. a4 b4 13. a5 Rc8 $14)
12... Ne4 (12... O-O 13. Bd2 $15) 13. Bd2 (13. a4 $142 a6 14. axb5 $14) 13...
f6 $17 14. Nxd7 Qxd7 15. Nh4 O-O 16. Kh1 (16. Be1 a5 $15) 16... e5 $17 17. f5 (
17. fxe5 fxe5 18. Nf3 Qg4 19. Bxe4 dxe4 $17 (19... Qxe4 $6 20. Nxe5 h6 21. h3
$11)) 17... Ng5 (17... Rfe8 18. Bxe4 dxe4 19. g4 $19) 18. Be1 (18. Qh5 $5 $17)
18... exd4 $19 19. exd4 Qc7 (19... Rfe8 $5 20. Qh5 a5 $17) 20. Qg4 Rfe8 21. Bf2
$2 (21. Nf3 $142 $5 Ne4 22. Nd2 $17) 21... Re7 (21... b4 22. Be1 Ne4 23. cxb4
Bxh2 24. Ba4 $19) 22. Ng6 $2 (22. Qh5 $142 Bxh2 23. Nf3 $19) 22... hxg6 $19 23.
fxg6 Bc8 $4 (23... Ne6 $142 24. Qh5 Nf8 $19) 24. Qh5 $18 Be6 (24... Qd7 25. h3
$18) 25. h4 Ne4 26. Bxe4 dxe4 27. d5 Bf7 28. Qh7+ Kf8 29. gxf7 Kxf7 30. Be3 (
30. Bd4 $142 Bf4 31. g4 $18) 30... Be5 31. g4 $4 (31. Rf5 $142 Qd6 32. Raf1 $16
) 31... Qd7 (31... Qc8 $142 $5 32. Qh5+ Kg8 $11) 32. Rf5 $16 {
White prepares the advance g5} (32. Qxe4 $4 Rh8 33. Bf2 Bxc3 $19) 32... Ree8 $4
(32... Qxd5 33. g5 Ke8 34. Qh5+ Qf7 $14) 33. g5 $18 Rg8 (33... Ke7 34. Qxg7+
Kd8 35. Qxd7+ Kxd7 $18) 34. Rxf6+ (34. gxf6 Qxf5 35. Qxf5 Bxf6 36. Qd7+ Kg6 37.
Rf1 Rgf8 38. Rg1+ Kh7 39. Bd4 Rad8 40. Rxg7+ Kh8 41. Rh7+ Kg8 42. Qf5 Rf7 43.
Qg6+ Bg7 44. Rxg7+ Rxg7 45. Qxg7#) 34... Bxf6 $11 35. g6+ Kf8 $4 (35... Ke7
$142 36. Bc5+ Kd8 37. Qxg8+ Kc7 38. d6+ Kb7 $11) 36. Bc5+ $18 (36. Bc5+ Qe7 37.
Bxe7+ Kxe7 38. d6+ Kxd6 39. Qh5 $18) 1-0

[Event "Seafair"]
[Site "?"]
[Date "1973.07.29"]
[Round "4"]
[White "Bailey, B."]
[Black "Vallone, V."]
[Result "1-0"]
[WhiteElo "2083"]
[BlackElo "1483"]
[Annotator "Stockfish 14 (15s)"]
[PlyCount "87"]
[EventDate "1973.??.??"]

{B34: Sicilian: Accelerated Dragon with 5 Nc3: sidelines} 1. e4 c5 2. Nf3 Nc6
3. d4 cxd4 4. Nxd4 g6 5. Nxc6 bxc6 6. Qd4 Nf6 7. e5 Nd5 8. e6 f6 9. exd7+ Bxd7
10. Bc4 e6 (10... e5 11. Qd1 (11. Qh4 Bf5 12. O-O Bxc2 13. Nc3 Nb6 14. Be2 Bg7
15. Bh6 O-O 16. Bxg7 Kxg7 17. Rac1 Bf5 18. g4 g5 19. Qg3 Bg6 20. h4 gxh4 21.
Qxh4 f5 22. g5 Qe7 23. Bh5 Bxh5 24. Qxh5 Kh8 25. Kh2 Rg8 {
Grandi,P (1890)-Pytel,K (2381) Angers 2006 0-1 (36)}) 11... Be6 12. Qe2 Bc5 13.
O-O O-O 14. Nc3 Rf7 15. Ne4 Be7 16. Bb3 f5 17. Nc3 Bf6 18. Bd2 Qe8 19. Rad1 e4
20. Na4 Re7 21. c4 Nb6 22. Bf4 g5 23. Bd6 Rg7 24. Nc5 Bf7 25. g4 {
Abravanel,C (2320)-Haik,A (2445) Rouen 1987 1-0 (32)}) 11. O-O Qe7 $146 (11...
Bg7 12. Nc3 O-O 13. Rd1 Be8 14. Be3 Bf7 15. Qh4 g5 16. Qg3 Qa5 17. Nxd5 cxd5
18. Bb3 e5 19. c3 Rad8 20. h4 h6 21. hxg5 fxg5 22. Bc2 Rd6 23. b4 Qc7 24. Bc5
Rc6 25. Ba4 Rxc5 26. bxc5 {Nguyen,T-Alsasua,E Silicon Valley 1993 1-0 (55)}) (
11... Bg7 $5 $14) 12. Nc3 $16 Bg7 (12... Nb6 13. Ne4 e5 $16) 13. Bd2 (13. Re1
$142 Nb6 14. Ne4 $18) 13... O-O $14 14. Rfe1 (14. Qh4 $142 Rfd8 15. Rae1 $14)
14... Nxc3 $4 (14... f5 $142 15. Nxd5 cxd5 (15... Bxd4 $4 16. Nxe7+ Kf7 17. c3
$18) 16. Qxd5 exd5 17. Rxe7 dxc4 18. Rxd7 Rad8 19. Rxd8 Rxd8 $11) 15. Bxc3 $18
(15. bxc3 $6 Kh8 16. Rab1 Rfd8 $16) 15... c5 (15... f5 16. Qe3 Bxc3 17. Qxc3
$18 (17. bxc3 $6 f4 18. Qe4 Rf7 $18)) 16. Qh4 (16. Qd3 $142 $5 Rae8 17. Rad1
Rf7 $18) 16... Rfe8 17. Rad1 f5 (17... Kh8 $18) 18. Qxe7 Rxe7 19. Rxd7 $1 Rxd7
20. Bxe6+ Rf7 21. Bxg7 (21. Bxf7+ $5 Kxf7 22. Bxg7 Kxg7 23. Re7+ Kh6 $18) 21...
Kxg7 22. Bxf7 Kxf7 23. Kf1 Rc8 (23... a5 24. Re3 $18) 24. Ke2 (24. Re3 Rc7 25.
h4 Kf6 $18) 24... c4 (24... g5 25. Rd1 Ke6 26. Rd3 $18) 25. Rd1 c3 (25... a5
26. Rd5 Rb8 $18) 26. b3 Re8+ 27. Kf3 Re7 (27... g5 28. Rd3 $18) 28. Rd3 Rc7 29.
Rd4 Ke6 (29... g5 30. Rc4 g4+ 31. Kg3 $18) 30. Rc4 Rxc4 (30... Rd7 31. h4 $18)
31. bxc4 Kd6 32. Ke3 Kc5 (32... g5 33. Kd4 $18) 33. Kd3 Kb4 (33... f4 34. Kxc3
f3 35. gxf3 $18) 34. f4 a6 35. Kd4 a5 (35... Ka5 36. c5 g5 37. fxg5 Kb5 38. Kd5
f4 39. c6 f3 40. gxf3 Kb6 41. Kd6 Ka5 42. c7 Ka4 43. c8=Q Ka3 44. Qxc3+ Kxa2
45. Qb3+ Ka1 46. Kd5 a5 47. Kd4 a4 48. Qa3+ Kb1 49. Kc3 h6 50. Qb2#) 36. c5 a4
(36... Kb5 37. Kd5 g5 38. c6 Kb6 39. Kd6 Kb5 40. c7 Kb4 41. c8=Q Ka3 42. Qb7
Kxa2 43. Kc5 a4 44. Kd4 a3 45. Kxc3 g4 46. Qb3+ Ka1 47. Qxa3+ Kb1 48. Qb2#) 37.
c6 Kb5 38. c7 Kb4 (38... Kc6 39. c8=Q+ Kd6 40. Qa6+ Kd7 41. Qf6 a3 42. Kc5 g5
43. Qf7+ Kd8 44. Kc6 g4 45. Qd7#) 39. c8=Q Ka3 40. Kxc3 Kxa2 41. Qb7 a3 42.
Qb3+ Ka1 43. Qxa3+ Kb1 44. Qb2# 1-0

[Event "Seafair"]
[Site "?"]
[Date "1973.07.29"]
[Round "5"]
[White "Bailey, B."]
[Black "Olson, B."]
[Result "1-0"]
[WhiteElo "2083"]
[BlackElo "1730"]
[Annotator "Stockfish 14 (15s)"]
[PlyCount "43"]
[EventDate "1973.??.??"]

{B05: Alekhine's Defence: 4 Nf3 Bg4} 1. e4 Nf6 2. e5 Nd5 3. d4 d6 4. Nf3 Bg4 5.
Be2 dxe5 6. Nxe5 Bxe2 7. Qxe2 Nd7 (7... e6 8. O-O a6 9. c4 Nf6 10. Rd1 Be7 11.
Nc3 O-O 12. Bf4 c6 13. Rd3 Re8 14. Rad1 Qc8 15. Rg3 Nbd7 16. h4 Bf8 17. h5 c5
18. dxc5 Nxc5 19. Bh6 g6 20. Bg5 Ncd7 21. Nxd7 Nxd7 22. Ne4 {
Anand,V (2715)-Blumenstock,A Frankfurt 1994 1-0}) 8. Nxf7 (8. O-O e6 9. Rd1 Bd6
10. c4 Ne7 11. Nc3 Bxe5 12. dxe5 Ng6 13. f4 O-O 14. Qf3 c6 15. Ne4 Qc7 16. b3
Rad8 17. Ba3 c5 18. g3 b6 19. Nd6 Nb8 20. Rd2 Nc6 21. Nb5 Qc8 22. Rad1 Rxd2 {
Mueller,U (1758)-Nolting,C (1634) Friedrichshafen 2005 1-0 (37)}) 8... Kxf7 9.
Qh5+ Ke6 $146 (9... g6 10. Qxd5+ Ke8 11. Be3 c6 12. Qb3 Nb6 13. O-O Bg7 14. Re1
Bxd4 15. Rd1 e5 16. c3 Qd5 17. Qxd5 Nxd5 18. cxd4 Nxe3 19. fxe3 exd4 20. Rxd4
Rf8 21. Nc3 Ke7 22. Rad1 Ke6 23. Re4+ Kf5 24. Rf1+ {
Dos Santos,J-Rodrigues Neto,J Indaial 2004 1-0 (49)}) 10. c4 N5f6 $4 (10...
N7f6 $142 11. Qe2+ Kf7 12. cxd5 Qxd5 $14) 11. d5+ $18 Kd6 12. Qf5 (12. Qh3 $142
c6 13. Qe6+ Kc7 14. Bf4+ Kc8 15. dxc6 $18) 12... Nb6 (12... c6 13. Qe6+ Kc7 14.
Bf4+ Kc8 15. dxc6 a5 $18) 13. Qe6+ Kc5 14. b3 (14. Be3+ Kb4 15. Bd2+ Kc5 16.
b4+ Kxc4 17. Na3+ Kd4 18. Nb5+ Kc4 19. Rc1+ Kxb5 20. Rc5+ Ka4 21. Ra5#) 14...
Nxc4 (14... Nbxd5 15. cxd5 Qd6 16. Ba3+ Kb6 17. Qe3+ Ka6 18. Bxd6 exd6 19. Qd3+
Kb6 20. Qd4+ c5 21. dxc6+ Kc7 $18) 15. bxc4 Kxc4 (15... Qd6 16. Qe3+ Kxc4 17.
Qb3+ Kd4 18. Bb2+ Kc5 19. Ba3+ Kd4 20. Bxd6 cxd6 21. Nd2 g5 22. Nf3+ Ke4 23.
Qe3+ Kxd5 24. Rc1 Rc8 25. Qb3+ Ke4 26. Qe6+ Kf4 27. Rxc8 g4 28. Rc4+ Ne4 29.
Rxe4#) 16. Nd2+ (16. Na3+ Kc5 17. Rb1 Nxd5 18. Be3+ Nxe3 19. Rb5+ Kd4 20. Qxe3#
) 16... Kb4 (16... Kd4 17. d6 $1 Kc5 18. Ba3+ Kc6 19. d7+ Kb5 20. Rb1+ Ka4 21.
Rb4+ Kxa3 22. Qb3#) 17. Rb1+ Ka5 (17... Kc5 18. Ba3+ Kd4 19. Rb4+ Kc3 20. Qh3+
Kc2 21. Qb3#) 18. Qh3 (18. Nc4+ Ka4 19. Qh3 a6 20. Qa3#) 18... b5 (18... e5 19.
Qc3+ Bb4 20. Qxb4+ Ka6 21. Qa4#) 19. Nc4+ $3 Ka6 (19... bxc4 20. Qa3# {
Mate attack Deflection}) 20. Qa3+ Kb7 21. Rxb5+ Kc8 22. Qa6+ (22. Qa6+ Kd7 23.
Qc6+ Kc8 24. Qxa8+ Kd7 25. Ne5+ Ke8 26. Qxd8+ Kxd8 27. Rb8#) 1-0

[Event "Boeing Action"]
[Site "?"]
[Date "1973.08.21"]
[Round "1"]
[White "Hardy, R."]
[Black "Bailey, B."]
[Result "0-1"]
[WhiteElo "100"]
[BlackElo "2056"]
[Annotator "Stockfish 14 (15s)"]
[PlyCount "72"]
[EventDate "1973.??.??"]

{D35: Queen's Gambit Declined: Exchange Variation} 1. d4 Nf6 2. c4 e6 3. Nc3 d5
4. Bf4 c6 5. e3 Be7 6. g3 $146 (6. cxd5 cxd5 7. Bd3 O-O 8. g4 Qb6 9. g5 Qxb2
10. Rc1 Ne4 11. Nxe4 dxe4 12. Bxe4 Nc6 13. Nf3 Bb4+ 14. Kf1 Bd7 15. Kg2 Qa3 16.
Qc2 g6 17. h4 Rac8 18. Qb1 Ne7 19. Ne5 Bc6 20. Bxc6 bxc6 {
Vaitonis,P-Piazzini,L Buenos Aires 1939 0-1 (40)}) (6. Qc2 Nbd7 7. cxd5 exd5 8.
Bd3 Nf8 9. h3 Ne6 10. Be5 h6 11. Nf3 Bd6 12. O-O-O Bxe5 13. Nxe5 Nd7 14. Nf3
Nf6 15. g4 Qe7 16. Rhg1 Ng5 17. Rg3 Nxf3 18. Rxf3 Be6 19. Rg3 O-O-O 20. f4 Qc7
{Medic,M (2250)-Safundzic,M Medulin 1997 1-0 (63)}) (6. a3 Nbd7 7. Nf3 O-O 8.
Bd3 dxc4 9. Bxc4 b5 10. Bd3 a6 11. O-O c5 12. dxc5 Nxc5 13. Bc2 Bb7 14. b4 Nce4
15. Nxe4 Nxe4 16. Qd3 Qxd3 17. Bxd3 Nf6 18. Ne5 Rfd8 19. Be2 Bd6 20. Nd3 Bxf4 {
Mrotzek,R (1209)-Steinke,P (892) Greifswald 2003 1/2-1/2}) (6. Bd3 O-O 7. Nge2
c5 8. cxd5 exd5 9. O-O Nc6 10. Bc2 Be6 11. Ng3 cxd4 12. exd4 g6 13. h3 Qb6 14.
Nge2 Nh5 15. Be3 Rfd8 16. Na4 Qc7 17. a3 Ng7 18. Ng3 Rac8 19. Rc1 Bd6 20. Qf3
Bxg3 {Simson,L-Strojna,J Mamaia 1991 1/2-1/2}) (6. h3 O-O 7. cxd5 Nxd5 8. Bh2
c5 9. dxc5 Qa5 10. Qb3 Nxc3 11. bxc3 Nd7 12. Qb4 Qxc5 13. a3 b6 14. Rd1 Rd8 15.
Bb5 a6 16. Qxc5 Nxc5 17. Rxd8+ Bxd8 18. Bc6 Bb7 19. Bxb7 Nxb7 20. Ne2 Be7 {
Bosboom Lanchava,T (2200)-Haring,R Netherlands 1995 1-0 (66)}) (6. Nf3 $5 $14)
6... Nbd7 $11 7. Bg2 $2 (7. Nf3 $142 $11) 7... Nh5 $4 (7... dxc4 8. Nf3 Nd5 9.
h4 $17) 8. Nge2 (8. Qxh5 $142 g6 9. Qd1 $18) 8... Nxf4 (8... g5 9. g4 gxf4 10.
gxh5 fxe3 11. fxe3 $17) 9. Nxf4 dxc4 10. Qa4 (10. O-O O-O $17) 10... e5 11. d5
$4 (11. Nfe2 $142 exd4 12. Nxd4 $19) 11... exf4 12. dxc6 fxe3 (12... bxc6 13.
Bxc6 Rb8 14. O-O-O fxe3 15. fxe3 $19) 13. fxe3 $4 (13. cxb7 Bxb7 14. Bxb7 Rb8
$17) 13... O-O (13... bxc6 $142 14. Bxc6 Rb8 $19) 14. cxd7 $17 Bxd7 15. Qxc4
Bg5 (15... Be6 16. Qb5 a6 17. Qe2 $19) 16. Qe2 (16. O-O Bxe3+ 17. Kh1 Rc8 $17)
16... Re8 17. e4 $2 (17. O-O Bxe3+ 18. Kh1 Bg5 $17) 17... Qb6 $4 (17... Be6
$142 18. O-O Bf6 $19) 18. b3 $4 (18. Nd5 $142 Qe6 19. Rd1 $17) 18... Qb4 (18...
Qd4 $142 19. Qb2 Rad8 $19) 19. Qc4 Qxc4 20. bxc4 Rac8 21. O-O Rxc4 22. Nd5 Bc6
(22... Kf8 $142 23. h4 Be7 24. Nxe7 Rxe7 25. Rfc1 $19) 23. Nc7 (23. h4 Be7 24.
Rac1 Rxc1 25. Rxc1 Ba3 $19) 23... Rd8 (23... Rexe4 $142 24. Rf5 Be3+ 25. Kf1 g6
26. Bxe4 Rxe4 $19) 24. e5 (24. Nd5 Kf8 25. h4 $19) 24... Be3+ 25. Kh1 Bxg2+ (
25... Rd2 26. Nd5 Bxd5 27. Bxd5 Rcc2 28. Bxf7+ Kh8 29. Rf2 Rxf2 30. Kg1 Rxh2+
31. Kf1 Rh1#) 26. Kxg2 $19 Rxc7 27. Rad1 (27. Kf3 Bb6 $19) 27... Rc2+ 28. Kh3 (
28. Kf3 Bd2 $19) 28... Rxd1 29. Rxd1 h5 30. Rd7 (30. g4 Kf8 $19) 30... Bg1 (
30... g5 31. g4 h4 32. e6 Bf4 33. exf7+ Kf8 34. Rd8+ Kxf7 35. Rd7+ Kf6 36. Rd6+
Bxd6 37. a3 Rxh2#) 31. g4 (31. Kh4 Rxh2+ 32. Kg5 Be3+ 33. Kf5 g6+ 34. Ke4 Bb6
$19) 31... Rxh2+ 32. Kg3 h4+ 33. Kf4 Rf2+ 34. Kg5 h3 (34... Rf3 35. Rd8+ Kh7
36. Rd3 Rxd3 37. Kf4 h3 38. Ke4 Re3+ 39. Kd4 h2 40. g5 h1=Q 41. g6+ fxg6 42. a3
Qe4+ 43. Kc5 Rd3+ 44. Kb5 Rd5#) 35. e6 (35. Rd8+ Kh7 36. Rd3 h2 37. Rh3+ Kg8
38. e6 fxe6 39. Kh5 e5 40. g5 Rf3 41. Rh4 Rf4 42. Rh3 Kf7 43. a3 e4 44. a4 e3
45. a5 e2 46. a6 e1=Q 47. g6+ Kf6 48. Rg3 Qxg3 49. axb7 Qxg6#) 35... fxe6 (
35... h2 36. exf7+ Rxf7 37. Rxf7 Kxf7 38. a3 h1=Q 39. Kf4 Ke6 40. a4 Qh3 41. g5
Bf2 42. a5 Qf5#) 36. Kg6 (36. Rd8+ Rf8 37. Rxf8+ Kxf8 38. Kf4 h2 39. Kf3 h1=Q+
40. Ke2 Qg2+ 41. Kd3 Qxa2 42. g5 Qb2 43. g6 Bf2 44. Ke4 Qc3 45. Kf4 Qg3+ 46.
Ke4 Qe3#) 36... Rf6+ (36... Rf6+ 37. Kg5 h2 38. Rd8+ Kh7 39. a3 Be3+ 40. Kh4
h1=Q+ 41. Kg3 Bf2#) 0-1